1596 1998 1817 1457 1465 1077 1596 1787 1461 1325 1220 1263 1930 1227 1335 1975 1463 1405 1089 1840 1901 1866 1228 1726 1226 1480 1967 1711 1163 1524 1595 1430 1471 1337 1698 1115 1093 1094 1633 1012 1872 1305 1235 1734 1954 1898 1756 1607 1164 1788 1120 1460 1884 1537 1376 1376 1041 1085 1698 1676 1076 1199 1902 1059 1750 1928 1750 1085 1943 1150 1170 1566 1207 1488 1471 1556 1737 1380 1562 1705 1287 1183 1019 1671 1890 1280 1347 1271 1497 1460 1924 1516 1772 1299 1336 1647 1635 1661 1097 BCNSPRNW ULIB Ver.6.0+V

เปลี่ยนเป็นภาษาไทย

Change to English
 แสดงรายละเอียดบรรณานุกรม
  กลับหน้าหลัก

Brief Record : Get Marc (ISO 2709) : E-mail record : QR code < ปิดหน้าต่าง
LEADER : 00000nam 2200000uu 4500
001    13399122821
003     ULIB
008    130927s2554||||th 000 0 tha d
020    ^a9786167078205
090    นว.^bภ21ส
100 0  ^aภาคินัย
245 10 ^aสวนสนุกแดนนรก /^cภาคินัย [นามแฝง]
260    ^aกรุงเทพฯ :^bโซฟา พับลิชชิ่ง,^c2554
300    ^a256 หน้า
945    ^p200^l0^i034047
999    ^aเกษร โพธิ์สุวรรณ
รายการนี้ยังไม่มีแท็ก
คุณยังไม่ได้ล็อกอิน คุณสามารถมีกิจกรรมร่วมกับเว็บไซต์ได้ แต่ต้องล็อกอินก่อน ::
  ล็อกอิน

รายการสื่อสารสนเทศ

ลำดับที่ ประเภท เลขเรียก/บาร์โค้ด สถานที่ สถานะ
1. นวนิยาย
นวนิยาย
นว. ภ21ส ฉ.1 
  Barcode: 034047
ห้องสมุดวิทยาเขตสวรรค์ประชารักษ์
►นวนิยาย
บนชั้น
  ขอยืม

รายการใกล้เคียง
    ผู้แต่ง [ภาคินัย]

BibComment


ยังไม่เคยถูกคอมเมนท์

คอมเมนท์ทรัพยากรรายการนี้
  คอมเมนท์: สวนสนุกแดนนรก ภ..


 Copyright 2026. Bcnsprnw @Library